LIBRARY & INFORMATION CENTRE, KCAET, TAVANUR

ONLINE PUBLIC ACCESS CATALOGUE (OPAC)

Gandhiji`s autobiography (Record no. 461)

MARC details
000 -LEADER
fixed length control field 00399cam a2200169ua 4500
041 ## - LANGUAGE CODE
Language code of text/sound track or separate title eng
082 ## - DEWEY DECIMAL CLASSIFICATION NUMBER
Classification number 923.2G
Item number BHA/GA
100 ## - MAIN ENTRY--AUTHOR NAME
Personal name Bharatan, Kumarappa .
245 ## - TITLE STATEMENT
Title Gandhiji`s autobiography
260 ## - PUBLICATION, DISTRIBUTION, ETC. (IMPRINT)
Place of publication Ahmedabad :
Name of publisher Navajivan publishing house ,
Year of publication 1952.
300 ## - PHYSICAL DESCRIPTION
Number of Pages 296 ; .
942 ## - ADDED ENTRY ELEMENTS (KOHA)
Koha item type Books
Holdings
Withdrawn status Lost status Damaged status Home library Current library Date acquired Full call number Accession Number Koha item type
Withdrawn     KAUAET Kelappaji 07/04/2012 923.2G 2291 Books
free website counter